Приборы и навигационно-пилотажное оборудование самолета Ил-18: учебное пособие

書誌詳細
第一著者: Федосеева Г. А. Галина Александровна
言語:ロシア語
出版事項: Москва, Машиностроение, 1979
主題:
フォーマット: 図書
KOHA link:https://koha.lib.tpu.ru/cgi-bin/koha/opac-detail.pl?biblionumber=72887

MARC

LEADER 00000nam0a2200000 4500
001 72887
005 20231031083929.0
035 |a (RuTPU)RU\TPU\book\77722 
090 |a 72887 
100 |a 20050203d1979 m y0rusy50 ca 
101 0 |a rus 
102 |a RU 
105 |a a j 001zy 
200 1 |a Приборы и навигационно-пилотажное оборудование самолета Ил-18  |e учебное пособие  |f Г. А. Федосеева 
210 |a Москва  |c Машиностроение  |d 1979 
215 |a 136 с.  |c ил. 
610 1 |a самолеты 
610 1 |a пассажирский транспорт 
610 1 |a реактивные самолеты 
610 1 |a оборудование 
610 1 |a приборы контроля 
610 1 |a эксплуатация 
610 1 |a учебные пособия 
675 |a 629.735(075.8)  |v 3 
700 1 |a Федосеева  |b Г. А.  |g Галина Александровна 
801 1 |a RU  |b 63413507  |c 20050203  |g PSBO 
801 2 |a RU  |b 63413507  |c 20050203  |g PSBO 
900 |a Системы авиационной и космической техники 
942 |c BK 
954 |a 551000  |b 130300